La teoria generale dei patti e dei contratti in diritto romano, confrontata col codice civile d'Italia (Record no. 165115)

MARC details
000 -LEADER
campo de control de longitud fija 00713nam a2200181 i 4500
001 - NÚMERO DE CONTROL
campo de control 165115
003 - IDENTIFICADOR DE NÚMERO DE CONTROL
campo de control ES-MaACL
005 - FECHA Y HORA DE LA ÚLTIMA TRANSACCIÓN
campo de control 20250723061852.0
008 - DATOS DE LONGITUD FIJA--INFORMACIÓN GENERAL
campo de control de longitud fija 050818s1884 it | |||||||| ||ita d
040 ## - FUENTE DE CATALOGACIÓN
Centro catalogador/agencia de origen CAM
Lengua de catalogación spa
Centro/agencia transcriptor CAM
100 1# - ENTRADA PRINCIPAL--NOMBRE DE PERSONA
Nombre de persona Segi, Giuseppe.
9 (RLIN) 132624
245 13 - MENCIÓN DEL TÍTULO
Título La teoria generale dei patti e dei contratti in diritto romano, confrontata col codice civile d'Italia
Resto del título : natura dei patti e dei contratti /
Mención de responsabilidad, etc. per Giuseppe Sergi.
260 ## - PUBLICACIÓN, DISTRIBUCIÓN, ETC.
Lugar de publicación, distribución, etc. Messina :
Nombre del editor, distribuidor, etc. Carmelo Stefano,
Fecha de publicación, distribución, etc. 1884 (
Fabricante Tipografia dell'Avvenire)
300 ## - DESCRIPCIÓN FÍSICA
Extensión XI, 362 p. ;
Dimensiones 23 cm.
650 #7 - PUNTO DE ACCESO ADICIONAL DE MATERIA--TÉRMINO DE MATERIA
Término de materia o nombre geográfico como elemento de entrada Derecho romano
Fuente del encabezamiento o término embne
9 (RLIN) 11764
852 ## - LOCALIZACIÓN
Ubicación ES-MaACL
Número de control de estantería F-1442
Nota libre -- Enc. hol. conservando la cub. original
Holdings
Estatus retirado Estado de pérdida Estado de daño No para préstamo Colección Biblioteca de origen Biblioteca actual Ubicación en estantería Fecha de adquisición Fuente de adquisición Total de préstamos Signatura topográfica completa Código de barras Visto por última vez Precio de reemplazo Tipo de ítem Koha
        Libros del s. XIX Biblioteca del Ateneo de Madrid Biblioteca del Ateneo de Madrid Depósito 2 17/01/2008     F-1442 1173128 23/02/2023 23/02/2023 Libro impreso antiguo